| 000 | 01183nam a2200277Ia 4500 | ||
|---|---|---|---|
| 999 |
_c5488 _d5488 |
||
| 003 | OSt | ||
| 005 | 20200609132012.0 | ||
| 008 | 191128s1996 ck ad gr 000 0dspa d | ||
| 020 | _a8485855795 | ||
| 040 |
_aCO-JMCR _cCO-JMCR |
||
| 041 | 0 | _aspa | |
| 082 | 0 | 4 |
_a330.1 / _bV344c _223 |
| 100 | 1 |
_aVillar, Antonio, _eautor _95230 |
|
| 245 | 1 | 0 |
_aCurso de microeconomía avanzada : _bun enoque de equilibrio general / _cAntonio Villar |
| 250 | _aPrimera edición | ||
| 260 |
_aBarcelona : _bAntoni Bosch, _c1996 |
||
| 300 |
_axi, 285 páginas : _bgráficos a blanco y negro ; _c24 cm. |
||
| 500 | _aÍndice analítico. | ||
| 500 | _aIncluye datos biográficos del autor en la solapa. | ||
| 504 | _aBibliografía: páginas 275-281 | ||
| 505 | _aDemanda y oferta -- Equilibrio y eficiencia -- Complementos | ||
| 520 | _aEste libro proporciona una exposición rigurosa y sistemática de los temas centrales de la microeconomía, desde una perspectiva de equilibrio general. Se ocupa del estudio de la oferta y la demanda, del análisis de la existencia. | ||
| 650 | 1 | 4 |
_aMicroeconomía Equilibrio _95231 |
| 650 | 2 | 4 |
_aDemanda Oferta _xTeoría económica _95232 |
| 942 |
_2ddc _cBK |
||